00544nam a2200169 u 450000100100000000500170001000800410002702000150006804000250008308200150010810000290012324500810015226000380023330000200027150000420029170000410033300003462420200930073813.0111010s2005 cl a 000 0 spa d a9583001864 aDO-SdBNPbspacBNPHU axxxxbxxxx1 aKafka, Franz,d1883-192410aCarta al padre / :bFranz Kafka ; traducción José Martín Cristancho M. aBogotá, :bPanamericana,c2005. a92 p. ;c21 cm. aIncluye notas al pie de las páginas1 aCristancho M., José Martín,etr.